Life At School/ (Record no. 7139)

MARC details
000 -LEADER
fixed length control field 00667nam a2200217Ia 4500
003 - CONTROL NUMBER IDENTIFIER
control field GBCCL
005 - DATE AND TIME OF LATEST TRANSACTION
control field 20241126110620.0
008 - FIXED-LENGTH DATA ELEMENTS--GENERAL INFORMATION
fixed length control field 180711b ||||| |||| 00| 0 eng d
020 ## - INTERNATIONAL STANDARD BOOK NUMBER
International Standard Book Number 0830725083
040 ## - CATALOGING SOURCE
Transcribing agency GBC
082 ## - DEWEY DECIMAL CLASSIFICATION NUMBER
Classification number 268.432
Item number PUL
100 ## - MAIN ENTRY--PERSONAL NAME
Personal name Powell, Kara Eckmann
9 (RLIN) 11292
245 ## - TITLE STATEMENT
Title Life At School/
Statement of responsibility, etc. Kara Eckmann Powell
260 ## - PUBLICATION, DISTRIBUTION, ETC.
Place of publication, distribution, etc. USA:
Name of publisher, distributor, etc. Gospel Light,
Date of publication, distribution, etc. 2000.
300 ## - PHYSICAL DESCRIPTION
Extent 94 p.;
Other physical details ill.,
Dimensions 28 cm.
440 ## - SERIES STATEMENT/ADDED ENTRY--TITLE
Title Pulse
Volume/sequential designation 7
9 (RLIN) 11293
490 ## - SERIES STATEMENT
Series statement God's word for a jr. high world
490 ## - SERIES STATEMENT
Series statement Life Issues Track
650 ## - SUBJECT ADDED ENTRY--TOPICAL TERM
Source of heading or term Christian education of teenagers
Topical term or geographic name entry element Christian education - curricula
Form subdivision Spiritual life - Christianit
9 (RLIN) 12622
942 ## - ADDED ENTRY ELEMENTS (KOHA)
Source of classification or shelving scheme Dewey Decimal Classification
Koha item type Books
Koha issues (borrowed), all copies 1
Holdings
Withdrawn status Lost status Source of classification or shelving scheme Damaged status Not for loan Home library Current Library Shelving location Date acquired Total checkouts Full call number Barcode Date last seen Copy number Price effective from Koha item type Date last checked out
    Dewey Decimal Classification     GRACE BIBLE COLLEGE GRACE BIBLE COLLEGE Ministry & Mission 2018-07-11   268.432 PUL 012962 2018-07-11 v.7 c.1 2018-07-11 Books  
    Dewey Decimal Classification     GRACE BIBLE COLLEGE GRACE BIBLE COLLEGE Ministry & Mission 2018-07-16   268.432 PUL 013371 2025-05-01 v.7 c.2 2018-07-16 Books  
    Dewey Decimal Classification     GRACE BIBLE COLLEGE GRACE BIBLE COLLEGE Ministry & Mission 2018-07-16   268.432 PUL 013372 2025-05-01 v.7 c.3 2018-07-16 Books  
    Dewey Decimal Classification     GRACE BIBLE COLLEGE GRACE BIBLE COLLEGE Ministry & Mission 2018-07-16   268.432 PUL 013373 2025-05-01 v.7 c.4 2018-07-16 Books  
    Dewey Decimal Classification     GRACE BIBLE COLLEGE GRACE BIBLE COLLEGE Ministry & Mission 2018-07-16   268.432 PUL 013374 2025-05-01 v.7 c.5 2018-07-16 Books  
    Dewey Decimal Classification     GRACE BIBLE COLLEGE GRACE BIBLE COLLEGE Ministry & Mission 2018-07-16   268.432 PUL 013375 2025-05-01 v.7 c.6 2018-07-16 Books  
    Dewey Decimal Classification     GRACE BIBLE COLLEGE GRACE BIBLE COLLEGE Ministry & Mission 2018-07-16 1 268.432 PUL 013376 2025-05-01 v.7 c.7 2018-07-16 Books 2022-07-25
    Dewey Decimal Classification     GRACE BIBLE COLLEGE GRACE BIBLE COLLEGE Ministry & Mission 2018-07-16   268.432 PUL 013377 2025-05-01 v.7 c.8 2018-07-16 Books  
© Grace Bible College Library 2025